000 01390pab a2200169 454500
008 180718b2007 xxu||||| |||| 00| 0 eng d
100 _aFreeman, Tim
245 _aPerforming governance: a partnership board dramaturgy
260 _c2007
300 _ap.907-29.
520 _aThis paper explores the governance of complex public sector partnerships through a detailed case study of a Joint Commissioning Partnership Board (JCPB) in the South East of England. It argues that a theoretical and empirical focus on the instrumental roles of boards has resulted in an under-appreciation of their symbolic purposes, especially in the context of the governance of inter-organizational relationships. The paper considers the performative dimension of partnership governance, highlighting the role of the symbolic in institutional enactment. Following a brief overview of governance in public sector partnerships, the case study site for the empirical reconsidered from a new institutionalist perspective and a dramaturgical analysis of institutional enactment undertaken to explore interplays of the symbolic and instrumental in strategy formation. Some implications for our understanding of the symbolic in partnership governance are discussed. - Reproduced.
650 _aPublic administration
700 _aPeck, Edward
773 _aPublic Administration
908 _aN
909 _a77559
999 _c77559
_d77559